Flags of Former Countries - Statistics

General Stats
  • This quiz has been taken 134 times
  • The average score is 15 of 30
Answer Stats
Picture Answer % Correct
Soviet Union
98%
East Germany
91%
Austria-Hungary
88%
Yugoslavia
86%
Ottoman Empire
82%
Texas
81%
Scotland
80%
Tibet
79%
Roman Empire
78%
Czechoslovakia
74%
Hawaii
66%
Holy Roman Empire
65%
Prussia
62%
South Vietnam
60%
Gran Colombia
46%
Polish-Lithuanian Commonwealth
43%
South Yemen
40%
Manchukuo
32%
Central America
30%
Sweden and Norway
30%
United Arab Republic
30%
Tanganyika
23%
Biafra
21%
Zanzibar
21%
Tu'i Tonga
14%
Transcaucasia
13%
Ashanti
11%
Delhi Sultanate
10%
Federation of South Arabia
10%
Los Altos
5%
No matching quizzes found
Score Distribution
Percent of People with Each Score
Percentile by Number Answered
Your Score History
You have not taken this quiz